| Tag |
First Indicator |
Second Indicator |
Subfields |
| LEADER |
00000cam a2200000Ki 4500 |
| 001 |
in00003827770 |
| 005 |
20190415180050.0 |
| 006 |
m o d |
| 007 |
cr cnu---unuuu |
| 008 |
131001s2002 vaua ob 000 0 eng d |
| 035 |
|
|
|a (OCoLC)ocn859200223
|
| 040 |
|
|
|a KNOVL
|b eng
|e rda
|e pn
|c KNOVL
|d OCLCF
|d ZCU
|d KNOVL
|d OCLCQ
|d LVT
|d OCLCO
|
| 020 |
|
|
|a 9781621988069
|q (electronic bk.)
|
| 020 |
|
|
|a 1621988066
|q (electronic bk.)
|
| 020 |
|
|
|z 1931504288
|
| 020 |
|
|
|z 9781931504287
|
| 035 |
|
|
|a (OCoLC)859200223
|
| 043 |
|
|
|a n-us---
|
| 050 |
|
4 |
|a TS227.8
|b .H38 2002eb
|
| 060 |
|
4 |
|a 2003 N-199
|
| 060 |
|
4 |
|a WA 485
|b H315w 2002
|
| 082 |
0 |
4 |
|a 671.5/2/0289
|2 22
|
| 049 |
|
|
|a TXAM
|
| 100 |
1 |
|
|a Harris, Michael K.
|
| 245 |
1 |
0 |
|a Welding health and safety :
|b a field guide for OEHS professionals /
|c Michael K. Harris.
|
| 264 |
|
1 |
|a Fairfax, Va. :
|b AIHA Press,
|c [2002]
|
| 264 |
|
4 |
|c ©2002
|
| 300 |
|
|
|a 1 online resource (xxiv, 222 pages) :
|b illustrations
|
| 336 |
|
|
|a text
|b txt
|2 rdacontent
|
| 337 |
|
|
|a computer
|b c
|2 rdamedia
|
| 338 |
|
|
|a online resource
|b cr
|2 rdacarrier
|
| 500 |
|
|
|a "A publication of the American Industrial Hygiene Association."
|
| 504 |
|
|
|a Includes bibliographical references.
|
| 588 |
0 |
|
|a Print version record.
|
| 650 |
|
0 |
|a Welding
|x Safety measures.
|
| 650 |
|
7 |
|a Welding
|x Safety measures.
|2 fast
|0 (OCoLC)fst01173596
|
| 650 |
1 |
2 |
|a Accidents, Occupational
|x prevention & control.
|
| 650 |
1 |
2 |
|a Occupational Health.
|
| 650 |
1 |
2 |
|a Welding
|x standards.
|
| 650 |
2 |
2 |
|a Equipment Safety
|x standards.
|
| 650 |
2 |
2 |
|a Occupational Exposure
|x prevention & control.
|
| 650 |
2 |
2 |
|a Safety Management
|x standards.
|
| 651 |
|
2 |
|a United States.
|
| 655 |
|
7 |
|a Electronic books.
|2 local
|
| 710 |
2 |
|
|a Knovel (Firm)
|
| 710 |
2 |
|
|a American Industrial Hygiene Association.
|
| 776 |
1 |
8 |
|i Print version:
|a Harris, Michael K.
|t Welding health and safety
|z 1931504288
|w (DLC) 2003276652
|w (OCoLC)53971764
|
| 856 |
4 |
0 |
|u http://proxy.library.tamu.edu/login?url=http://app.knovel.com/hotlink/toc/id:kpWHSAFGO4/welding-health-and
|z Connect to the full text of this electronic book
|t 0
|
| 999 |
f |
f |
|s e6212b71-3435-3310-8d53-ca7af57584d5
|i 18ea360c-7df1-36f4-af68-19cb5214085b
|t 0
|
| 952 |
f |
f |
|a Texas A&M University
|b College Station
|c Electronic Resources
|d Available Online
|t 0
|e TS227.8 .H38 2002eb
|h Library of Congress classification
|
| 998 |
f |
f |
|a TS227.8 .H38 2002eb
|t 0
|l Available Online
|